00858nam a2200217 i 450000100060000000300090000600500170001500700030003200800410003510000490007624500850012526000400021030000220025049000470027265000530031965000440037283000550041685200320047199900170050395201200052069729ES-MaACL20251004063115.0t|040709s1944 sp ||||1| spa d1 aGarcía Gómez, Emilio, d1905-199595469010aCinco poetas musulmanes b: biografías y estudios / cEmilio García Gómez. a[Madrid] : bEspasa-Calpe, c[1944] a277 p. ; c18 cm.1 aColección Austral. Serie naranja ; v513 4aPoesía árabe-xHistoria y crítica.9166615 4aPoetas árabes-xBiografías.91666160 aColección Austral. Serie naranja ; v5139231008 aES-MaACLjB-10122 bR.21211 c69729d69729 00104070aATENEOMbATENEOMcSPBd2008-01-17eSCl0oB-10122p1073015r2023-02-23 00:00:00w2023-02-23yMONOGRAFIA